[Event "3. Aberto Internacional Carlos I"]
[Site "Sanxenxo ESP"]
[Date "2011.06.28"]
[Round "4.1"]
[White "Gomez Ledo, Roberto Carlos"]
[Black "Paunovic, Dragan"]
[Result "1-0"]
[WhiteElo "2429"]
[BlackElo "2504"]
[PlyCount "101"]
[EventDate "2011.06.25"]
[EventType "swiss"]
[EventRounds "9"]
[EventCountry "ESP"]
[Source "lmi"]
[SourceDate "2011.06.25"]

1. d4 d6 2. Nf3 g6 3. g3 Bg7 4. Bg2 Nf6 5. O-O O-O 6. Re1 c6 7. e4 Bg4 8. Nbd2
a5 9. h3 Bxf3 10. Nxf3 a4 11. Qe2 e6 12. a3 Na6 13. Bf4 h6 14. Rad1 d5 15. e5
Nd7 16. Nh2 Kh7 17. h4 Qb6 18. c3 Nc7 19. Bf1 c5 20. Ng4 h5 21. Nh2 Rac8 22.
Nf3 Bh6 23. Ng5+ Bxg5 24. Bxg5 Ne8 25. Be7 Rg8 26. Qe3 Kg7 27. c4 dxc4 28. d5
exd5 29. Rxd5 Nf8 30. Bxc4 Ne6 31. Qf3 Rc7 32. Rd6 Qa5 33. Bf6+ Kh7 34. Rdd1
Nd4 35. Qf4 Ng7 36. e6 Ngxe6 37. Bxe6 Nxe6 38. Rxe6 fxe6 39. Bc3 Qb6 40. Rd6
Qb5 41. Bd2 Kg7 42. Bc3+ Kh7 43. Bd2 Kg7 44. Qh6+ Kf7 45. Bc3 Ke7 46. Be5 Ke8
47. Bf6 Re7 48. Bxe7 Kxe7 49. Rd2 Kf7 50. Qf4+ Kg7 51. Qc7+ 1-0

[Event "3. Aberto Internacional Carlos I"]
[Site "Sanxenxo ESP"]
[Date "2011.06.28"]
[Round "4.2"]
[White "De La Villa Garcia, Jesus Maria"]
[Black "Recuero Guerra, David"]
[Result "1/2-1/2"]
[WhiteElo "2488"]
[BlackElo "2455"]
[PlyCount "68"]
[EventDate "2011.06.25"]
[EventType "swiss"]
[EventRounds "9"]
[EventCountry "ESP"]
[Source "lmi"]
[SourceDate "2011.06.25"]

1. e4 e5 2. Nf3 Nc6 3. Bb5 a6 4. Ba4 Nf6 5. O-O Be7 6. Re1 b5 7. Bb3 d6 8. c3
O-O 9. h3 Nb8 10. d4 Nbd7 11. Nbd2 Bb7 12. Bc2 Re8 13. Nf1 Bf8 14. Ng3 g6 15.
a4 c5 16. b3 Bg7 17. Bb2 Qc7 18. d5 Nb6 19. axb5 axb5 20. Qe2 c4 21. b4 Rxa1
22. Rxa1 Ra8 23. Qe1 Qc8 24. Rxa8 Qxa8 25. Qa1 Qxa1+ 26. Bxa1 Bc8 27. Bb2 Bh6
28. Ne2 Ne8 29. Nh2 Nc7 30. Bc1 Bxc1 31. Nxc1 Kf8 32. Kf1 Ke7 33. f3 Bd7 34.
Ne2 f5 1/2-1/2

[Event "3. Aberto Internacional Carlos I"]
[Site "Sanxenxo ESP"]
[Date "2011.06.28"]
[Round "4.3"]
[White "Bykov, Alexey"]
[Black "Fernandez Cardoso, Alexey"]
[Result "1-0"]
[WhiteElo "2278"]
[BlackElo "2473"]
[PlyCount "192"]
[EventDate "2011.06.25"]
[EventType "swiss"]
[EventRounds "9"]
[EventCountry "ESP"]
[Source "lmi"]
[SourceDate "2011.06.25"]

1. e4 c5 2. Nf3 d6 3. c3 Nf6 4. Be2 e5 5. O-O Be7 6. Bb5+ Nbd7 7. Re1 a6 8. Bf1
b6 9. d4 Bb7 10. d5 O-O 11. a4 Ne8 12. g3 g6 13. Bh6 Ng7 14. Nbd2 f5 15. h4 Rf7
16. Bh3 Qc7 17. Ng5 Bxg5 18. Bxg5 Nf6 19. exf5 gxf5 20. c4 Kh8 21. Nf3 Ng8 22.
Bd2 Raf8 23. Bc3 f4 24. Ng5 Rf6 25. Qd3 Rg6 26. Re2 Bc8 27. Bg2 Bf5 28. Be4
Bxe4 29. Qxe4 Qd7 30. a5 bxa5 31. Rxa5 Qg4 32. Rxa6 Nf6 33. Qd3 Nfh5 34. Rxd6
Rxg5 35. hxg5 fxg3 36. f3 Qxg5 37. Rxe5 Qh4 38. Rxh5 Qxh5 39. Qe2 Kg8 40. Rd7
Rf7 41. Rd8+ Rf8 42. Rxf8+ Kxf8 43. Bxg7+ Kxg7 44. Qe7+ Kg8 45. Qd8+ Kf7 46.
Qc7+ Ke8 47. Qb8+ Kd7 48. Qxg3 Qf7 49. Qg4+ Kc7 50. b3 Qf6 51. Qe4 Qg5+ 52. Kf2
h5 53. Qe6 h4 54. Qc6+ Kb8 55. Qb5+ Ka8 56. Qa6+ Kb8 57. Qd6+ Ka8 58. Qf8+ Kb7
59. Qf7+ Ka6 60. Qe6+ Ka5 61. Qg4 Qd2+ 62. Kg1 Qe1+ 63. Kh2 Kb4 64. f4 Kxb3 65.
f5 Qf2+ 66. Kh3 Qe1 67. Qxh4 Qf1+ 68. Kh2 Qe2+ 69. Kg1 Qd1+ 70. Kg2 Qe2+ 71.
Qf2 Qxc4 72. Qf3+ Kb4 73. f6 Qc2+ 74. Kg3 c4 75. f7 Qg6+ 76. Kf2 Qc2+ 77. Ke3
Qd3+ 78. Kf4 Qd4+ 79. Kf5 Qg7 80. Ke6 Qf8 81. d6 c3 82. Qb7+ Ka3 83. Qe7 Qh6+
84. Qf6 Qe3+ 85. Qe5 Qh3+ 86. Ke7 c2 87. f8=Q Qh7+ 88. Ke8 Qg6+ 89. Kd8 c1=Q
90. Qf3+ Ka2 91. Qfe2+ Qgc2 92. Qa5+ Kb1 93. Qb4+ Ka1 94. Qa6+ Qa2 95. Qd4+ Kb1
96. Qb5+ Kc2 1-0

[Event "3. Aberto Internacional Carlos I"]
[Site "Sanxenxo ESP"]
[Date "2011.06.28"]
[Round "4.4"]
[White "Ortiz Suarez, Isan Reynaldo"]
[Black "Santos Latasa, Jaime"]
[Result "1/2-1/2"]
[WhiteElo "2569"]
[BlackElo "2230"]
[PlyCount "83"]
[EventDate "2011.06.25"]
[EventType "swiss"]
[EventRounds "9"]
[EventCountry "ESP"]
[Source "lmi"]
[SourceDate "2011.06.25"]

1. d4 Nf6 2. c4 e6 3. Nc3 c5 4. d5 exd5 5. cxd5 d6 6. Nf3 g6 7. h3 Bg7 8. Bf4
O-O 9. e3 Na6 10. Be2 Nc7 11. a4 Bf5 12. Qb3 Na6 13. Nd2 Re8 14. g4 Bc8 15. g5
Nd7 16. Nce4 Ne5 17. Kf1 Bf5 18. Ng3 c4 19. Nxc4 Nc5 20. Qa3 Bd3 21. Bxe5 Bxc4
22. Bxg7 Bxe2+ 23. Kxe2 Kxg7 24. b4 Ne4 25. Nxe4 Rxe4 26. Qd3 Qe7 27. Rac1 Re8
28. Rhg1 Qd7 29. Rc4 Rxc4 30. Qxc4 Qxa4 31. Rc1 a5 32. bxa5 Qxa5 33. Rb1 Re5
34. Rb5 Qa6 35. f4 Re4 36. Qb3 Ra4 37. Qc3+ Kg8 38. Qc8+ Kg7 39. Qxb7 Ra2+ 40.
Kf3 Qa4 41. Rb3 Qc4 42. Rb2 1/2-1/2

[Event "3. Aberto Internacional Carlos I"]
[Site "Sanxenxo ESP"]
[Date "2011.06.28"]
[Round "4.5"]
[White "Gomez Garrido, Camilo"]
[Black "Adams, Philip"]
[Result "1-0"]
[WhiteElo "2516"]
[BlackElo "2122"]
[PlyCount "57"]
[EventDate "2011.06.25"]
[EventType "swiss"]
[EventRounds "9"]
[EventCountry "ESP"]
[Source "lmi"]
[SourceDate "2011.06.25"]

1. e4 c5 2. Nf3 Nc6 3. d4 cxd4 4. Nxd4 g6 5. Nc3 Bg7 6. Be3 Nf6 7. Bc4 Qa5 8.
O-O O-O 9. Nb3 Qc7 10. Be2 d6 11. f4 a5 12. a4 Nb4 13. Bf3 Be6 14. Rf2 Bxb3 15.
cxb3 Nd7 16. Nb5 Qd8 17. e5 Nc5 18. Rd2 Qb8 19. exd6 exd6 20. Rxd6 Rc8 21. Rc1
Ne6 22. Rd7 Rxc1 23. Qxc1 Qe8 24. Rd1 Rc8 25. Nc3 Na2 26. Qd2 Nxc3 27. bxc3
Bxc3 28. Qd7 Nd4 29. Qxe8+ 1-0

[Event "3. Aberto Internacional Carlos I"]
[Site "Sanxenxo ESP"]
[Date "2011.06.28"]
[Round "4.7"]
[White "Saborido Bua, Jorge"]
[Black "Strikovic, Aleksa"]
[Result "0-1"]
[WhiteElo "2008"]
[BlackElo "2559"]
[PlyCount "58"]
[EventDate "2011.06.25"]
[EventType "swiss"]
[EventRounds "9"]
[EventCountry "ESP"]
[Source "lmi"]
[SourceDate "2011.06.25"]

1. e4 d6 2. d4 Nf6 3. Nc3 e5 4. Nf3 Nbd7 5. Bc4 Be7 6. dxe5 Nxe5 7. Nxe5 dxe5
8. Qxd8+ Bxd8 9. Bg5 c6 10. O-O a5 11. a4 Bb6 12. Kh1 Nd7 13. Nd1 Nc5 14. Be3
Ke7 15. c3 Rd8 16. b4 Nd7 17. Bb3 f6 18. g4 axb4 19. cxb4 Bd4 20. Rb1 c5 21. h3
cxb4 22. Bxd4 exd4 23. Bc2 Nc5 24. Rxb4 d3 25. Bb1 Rxa4 26. Rxa4 Nxa4 27. Ba2
Be6 28. Bxe6 Kxe6 29. Kg2 b5 0-1

[Event "3. Aberto Internacional Carlos I"]
[Site "Sanxenxo ESP"]
[Date "2011.06.28"]
[Round "4.8"]
[White "Guerra Mendez, Jose Angel"]
[Black "Gonzalez Roca, Pablo"]
[Result "1-0"]
[WhiteElo "2472"]
[BlackElo "2029"]
[PlyCount "55"]
[EventDate "2011.06.25"]
[EventType "swiss"]
[EventRounds "9"]
[EventCountry "ESP"]
[Source "lmi"]
[SourceDate "2011.06.25"]

1. e4 c5 2. Nf3 d6 3. d4 cxd4 4. Nxd4 Nf6 5. Nc3 a6 6. Bc4 e6 7. Bb3 b5 8. O-O
Be7 9. Qf3 Qc7 10. Qg3 Nc6 11. Nxc6 Qxc6 12. Re1 Bb7 13. a3 O-O 14. Bh6 Ne8 15.
Rad1 Kh8 16. Bg5 Bxg5 17. Qxg5 Nf6 18. Re3 Rad8 19. Rg3 Rg8 20. e5 Ne4 21. Nxe4
Qxe4 22. Re3 Qc6 23. Rd4 Rgf8 24. Rc3 Qb6 25. Rg4 g6 26. Qf6+ Kg8 27. Rxg6+
hxg6 28. Rh3 1-0

[Event "3. Aberto Internacional Carlos I"]
[Site "Sanxenxo ESP"]
[Date "2011.06.28"]
[Round "4.10"]
[White "Baldwin Del Castillo, Ricardo"]
[Black "Martinez Rodriguez, Pablo"]
[Result "0-1"]
[WhiteElo "1981"]
[BlackElo "2286"]
[PlyCount "72"]
[EventDate "2011.06.25"]
[EventType "swiss"]
[EventRounds "9"]
[EventCountry "ESP"]
[Source "lmi"]
[SourceDate "2011.06.25"]

1. e4 c6 2. d4 d5 3. Nc3 dxe4 4. Nxe4 Bf5 5. Ng3 Bg6 6. h4 h6 7. Nf3 Nd7 8. h5
Bh7 9. Bd3 Bxd3 10. Qxd3 e6 11. Bd2 Qc7 12. O-O-O O-O-O 13. Kb1 Ngf6 14. Rh4
Bd6 15. Ne4 Nxe4 16. Qxe4 Rhe8 17. g4 f6 18. Rh3 e5 19. d5 Nc5 20. Qf5+ Kb8 21.
dxc6 Qxc6 22. Ne1 Bc7 23. Qg6 Ne4 24. Nd3 Nxd2+ 25. Rxd2 e4 26. Nb4 Qc4 27. Rh1
Qxb4 28. c3 Qe7 29. Re2 Qd7 30. Rhe1 Qd3+ 31. Rc2 e3 32. fxe3 Rxe3 33. Rxe3
Qxe3 34. a3 Qg5 35. Qe4 Rd1+ 36. Ka2 Qd5+ 0-1

[Event "3. Aberto Internacional Carlos I"]
[Site "Sanxenxo ESP"]
[Date "2011.06.29"]
[Round "5.1"]
[White "Bykov, Alexey"]
[Black "Gomez Ledo, Roberto Carlos"]
[Result "1-0"]
[WhiteElo "2278"]
[BlackElo "2429"]
[PlyCount "95"]
[EventDate "2011.06.25"]
[EventType "swiss"]
[EventRounds "9"]
[EventCountry "ESP"]
[Source "lmi"]
[SourceDate "2011.06.25"]

1. e4 e6 2. d4 d5 3. Nc3 dxe4 4. Nxe4 Bd7 5. Nf3 Bc6 6. Bd3 Nd7 7. O-O Ngf6 8.
Ng3 Be7 9. b3 O-O 10. Bb2 Bxf3 11. Qxf3 c6 12. Rfe1 Re8 13. Rad1 Qc7 14. a3 Nf8
15. c4 Rad8 16. Nf1 Rd7 17. g3 Red8 18. Ne3 a6 19. c5 Nd5 20. Nc4 Bf6 21. Be4
Ng6 22. h4 b5 23. Nd6 Nh8 24. Bc1 Be7 25. Bxd5 cxd5 26. Bf4 Qc6 27. h5 h6 28.
Qg4 Kh7 29. Be5 Bf8 30. b4 Ra8 31. Ra1 Rda7 32. Ra2 Kg8 33. Rea1 f5 34. Qe2 Nf7
35. Nxf7 Kxf7 36. a4 Rb7 37. axb5 Rxb5 38. Ra4 Qb7 39. Qd2 Kg8 40. Qc3 Rc8 41.
Kg2 Kh7 42. Qa3 a5 43. bxa5 Rb3 44. Qc1 Qf7 45. Qd1 Rc3 46. R1a3 Rc4 47. Rxc4
dxc4 48. Qf3 1-0

[Event "3. Aberto Internacional Carlos I"]
[Site "Sanxenxo ESP"]
[Date "2011.06.29"]
[Round "5.2"]
[White "Recuero Guerra, David"]
[Black "Gomez Garrido, Camilo"]
[Result "1/2-1/2"]
[WhiteElo "2455"]
[BlackElo "2516"]
[PlyCount "60"]
[EventDate "2011.06.25"]
[EventType "swiss"]
[EventRounds "9"]
[EventCountry "ESP"]
[Source "lmi"]
[SourceDate "2011.06.25"]

1. d4 d5 2. c4 c6 3. Nf3 Nf6 4. e3 a6 5. Bd2 e6 6. Qc2 Ne4 7. Bd3 f5 8. g4 Bd6
9. gxf5 exf5 10. cxd5 cxd5 11. Qb3 Nc6 12. Nc3 Nb4 13. Be2 Qe7 14. a3 Nxc3 15.
Bxc3 Nc6 16. Ne5 Be6 17. Nxc6 bxc6 18. Bb4 O-O 19. Bxd6 Qxd6 20. Qb4 Qc7 21. f4
Rfb8 22. Qc3 a5 23. b3 Bf7 24. Kf2 Qe7 25. h4 Rb6 26. Bd3 Re8 27. Bc2 Kh8 28.
a4 Qb4 29. Qxb4 Rxb4 30. Rhc1 Be6 1/2-1/2

[Event "3. Aberto Internacional Carlos I"]
[Site "Sanxenxo ESP"]
[Date "2011.06.29"]
[Round "5.3"]
[White "Santos Latasa, Jaime"]
[Black "De La Villa Garcia, Jesus Maria"]
[Result "1/2-1/2"]
[WhiteElo "2230"]
[BlackElo "2488"]
[PlyCount "61"]
[EventDate "2011.06.25"]
[EventType "swiss"]
[EventRounds "9"]
[EventCountry "ESP"]
[Source "lmi"]
[SourceDate "2011.06.25"]

1. Nf3 d5 2. d4 Nf6 3. c4 e6 4. Nc3 dxc4 5. e4 Bb4 6. Bg5 c5 7. Bxc4 cxd4 8.
Nxd4 Qa5 9. Bd2 Qc5 10. Bb5+ Bd7 11. Nb3 Qb6 12. Bxd7+ Nbxd7 13. O-O O-O 14.
Qe2 Rfc8 15. Rac1 Bxc3 16. Bxc3 e5 17. Rfd1 Qe6 18. f3 h6 19. Qb5 b6 20. Qa6
Nb8 21. Qd3 Nc6 22. Qd6 Qxd6 23. Rxd6 Ne8 24. Rd7 Nf6 25. Rd6 Ne8 26. Rd2 f6
27. Rd7 Rd8 28. Rcd1 Rxd7 29. Rxd7 Rd8 30. Rxd8 Nxd8 31. a4 1/2-1/2

[Event "3. Aberto Internacional Carlos I"]
[Site "Sanxenxo ESP"]
[Date "2011.06.29"]
[Round "5.4"]
[White "Paunovic, Dragan"]
[Black "Rodriguez Lopez, Rafael"]
[Result "1-0"]
[WhiteElo "2504"]
[BlackElo "2320"]
[PlyCount "85"]
[EventDate "2011.06.25"]
[EventType "swiss"]
[EventRounds "9"]
[EventCountry "ESP"]
[Source "lmi"]
[SourceDate "2011.06.25"]

1. c4 c5 2. Nf3 Nc6 3. Nc3 g6 4. e3 Nf6 5. d4 cxd4 6. exd4 d5 7. cxd5 Nxd5 8.
Qb3 Nxc3 9. Bc4 Nd5 10. Bxd5 e6 11. Bxc6+ bxc6 12. O-O f6 13. Qc2 Qd5 14. Bd2
Bd6 15. a3 c5 16. Rfc1 c4 17. Qxc4 Qxc4 18. Rxc4 Bb7 19. Bb4 Bd5 20. Rc3 Bxb4
21. axb4 O-O 22. Ne1 Rfb8 23. Nd3 Be4 24. Nc5 Bd5 25. Na6 Rb7 26. f3 Rd8 27.
Kf2 Rd6 28. Ke3 Rdb6 29. Nc5 Re7 30. Nd3 a6 31. Rac1 Rbb7 32. Rc8+ Kg7 33. Rd8
Red7 34. Rxd7+ Rxd7 35. Nc5 Rd6 36. h4 h5 37. b5 axb5 38. Ra1 g5 39. hxg5 fxg5
40. Ra7+ Kh6 41. Nd7 Rc6 42. Nf8 g4 43. f4 1-0

[Event "3. Aberto Internacional Carlos I"]
[Site "Sanxenxo ESP"]
[Date "2011.06.29"]
[Round "5.5"]
[White "Montero Campuzano, Rafael"]
[Black "Ortiz Suarez, Isan Reynaldo"]
[Result "0-1"]
[WhiteElo "2139"]
[BlackElo "2569"]
[PlyCount "100"]
[EventDate "2011.06.25"]
[EventType "swiss"]
[EventRounds "9"]
[EventCountry "ESP"]
[Source "lmi"]
[SourceDate "2011.06.25"]

1. c4 c5 2. g3 g6 3. Bg2 Bg7 4. Nc3 Nc6 5. a3 d6 6. Rb1 e6 7. b4 Nge7 8. Nf3
O-O 9. O-O b6 10. e3 Bb7 11. Ne1 Qd7 12. Nc2 Ne5 13. Qe2 cxb4 14. Nb5 Bxg2 15.
Kxg2 Rfc8 16. d3 d5 17. Rd1 dxc4 18. dxc4 Qc6+ 19. e4 Qxc4 20. Qxc4 Rxc4 21.
Ne3 Rc5 22. Rxb4 a6 23. Nd6 b5 24. Rb1 Rb8 25. Bd2 N5c6 26. h3 h5 27. f4 Nc8
28. e5 Nxd6 29. exd6 Rd8 30. Be1 Bd4 31. Bb4 Nxb4 32. Rxd4 Nd5 33. Nxd5 exd5
34. a4 Rxd6 35. axb5 axb5 36. Rdb4 Rb6 37. Kf3 Kf8 38. R1b3 Ke7 39. g4 hxg4+
40. hxg4 Kd6 41. f5 gxf5 42. gxf5 Ke5 43. Re3+ Kxf5 44. Rf4+ Kg6 45. Rg4+ Kf6
46. Rh4 Kg7 47. Re8 Rc3+ 48. Kf2 Rf6+ 49. Kg2 Ra6 50. Rg4+ Rg6 0-1

[Event "3. Aberto Internacional Carlos I"]
[Site "Sanxenxo ESP"]
[Date "2011.06.29"]
[Round "5.6"]
[White "Strikovic, Aleksa"]
[Black "Salgado Lopez, Oscar"]
[Result "0-1"]
[WhiteElo "2559"]
[BlackElo "2219"]
[PlyCount "69"]
[EventDate "2011.06.25"]
[EventType "swiss"]
[EventRounds "9"]
[EventCountry "ESP"]
[Source "lmi"]
[SourceDate "2011.06.25"]

1. c4 e5 2. Nc3 Nc6 3. Nf3 Nf6 4. e3 Bb4 5. Qc2 Bxc3 6. Qxc3 Qe7 7. a3 d5 8. d4
exd4 9. Nxd4 Nxd4 10. Qxd4 O-O 11. c5 b6 12. b4 a5 13. cxb6 axb4 14. bxc7 bxa3
15. Bd3 Qxc7 16. O-O a2 17. Bb2 Qb8 18. f4 Qb3 19. Rf3 Bg4 20. Rf2 Ra4 21. Bc2
Rxd4 22. Bxb3 Rb4 23. Bxa2 Ne4 24. Rc2 Ra8 25. Bd4 Rba4 26. Rb1 Be6 27. g4 h5
28. Bb3 Rxd4 29. exd4 hxg4 30. Rc7 g6 31. Bc2 Nd2 32. Rb4 Kg7 33. Kg2 Ra1 34.
Rb6 Kf6 35. Rc5 0-1

[Event "3. Aberto Internacional Carlos I"]
[Site "Sanxenxo ESP"]
[Date "2011.06.29"]
[Round "5.7"]
[White "Fernandez Cardoso, Alexey"]
[Black "Fernandez Saavedra, Jose Luis"]
[Result "1-0"]
[WhiteElo "2473"]
[BlackElo "2143"]
[PlyCount "53"]
[EventDate "2011.06.25"]
[EventType "swiss"]
[EventRounds "9"]
[EventCountry "ESP"]
[Source "lmi"]
[SourceDate "2011.06.25"]

1. e4 e5 2. Nf3 Nc6 3. Bb5 a6 4. Ba4 Nf6 5. O-O Be7 6. Re1 b5 7. Bb3 d6 8. c3
O-O 9. h3 Nb8 10. d4 Nbd7 11. Nbd2 Bb7 12. Bc2 Re8 13. b3 Bf8 14. d5 c6 15. c4
Rc8 16. Nf1 bxc4 17. bxc4 Nc5 18. Rb1 a5 19. Be3 Ba6 20. Bxc5 dxc5 21. Ba4 Bxc4
22. Bxc6 Rxc6 23. dxc6 Bd3 24. c7 Qd7 25. Rb8 c4 26. Rxe8 Qxe8 27. Nxe5 1-0

[Event "3. Aberto Internacional Carlos I"]
[Site "Sanxenxo ESP"]
[Date "2011.06.29"]
[Round "5.8"]
[White "Pena Torres, Jose Carlos"]
[Black "Guerra Mendez, Jose Angel"]
[Result "0-1"]
[WhiteElo "2039"]
[BlackElo "2472"]
[PlyCount "90"]
[EventDate "2011.06.25"]
[EventType "swiss"]
[EventRounds "9"]
[EventCountry "ESP"]
[Source "lmi"]
[SourceDate "2011.06.25"]

1. e4 c5 2. Nf3 d6 3. d4 cxd4 4. Nxd4 Nf6 5. Nc3 a6 6. Be2 e5 7. Nf3 Be7 8. O-O
O-O 9. Bg5 Nbd7 10. a4 h6 11. Bxf6 Nxf6 12. Nd2 Be6 13. Bc4 Rc8 14. Bb3 d5 15.
exd5 Nxd5 16. Nxd5 Bxd5 17. Qe2 Bxb3 18. Nxb3 Qc7 19. c3 Qb6 20. Qc2 Qe6 21.
Rfe1 Rfd8 22. Rad1 Rxd1 23. Rxd1 b5 24. axb5 axb5 25. Nd2 b4 26. c4 Rd8 27. b3
e4 28. Nf1 Ra8 29. Ne3 Bc5 30. Nd5 Qe5 31. g3 f5 32. Qd2 Kh7 33. Re1 Ra3 34.
Qc2 Qd4 35. Rd1 Ra2 36. Qxa2 Qxd1+ 37. Kg2 Qf3+ 38. Kg1 h5 39. Qc2 Kh6 40. Qa2
Qd1+ 41. Kg2 Kh7 42. Ne3 Qf3+ 43. Kh3 f4 44. Qa5 fxe3 45. Qxc5 exf2 0-1

[Event "3. Aberto Internacional Carlos I"]
[Site "Sanxenxo ESP"]
[Date "2011.06.30"]
[Round "6.2"]
[White "Ortiz Suarez, Isan Reynaldo"]
[Black "Recuero Guerra, David"]
[Result "0-1"]
[WhiteElo "2569"]
[BlackElo "2455"]
[PlyCount "90"]
[EventDate "2011.06.25"]
[EventType "swiss"]
[EventRounds "9"]
[EventCountry "ESP"]
[Source "lmi"]
[SourceDate "2011.06.25"]

1. d4 Nf6 2. c4 e6 3. Nf3 d5 4. Nc3 dxc4 5. e3 a6 6. Bxc4 b5 7. Bb3 c5 8. O-O
Bb7 9. Qe2 Nbd7 10. Rd1 Qb8 11. d5 exd5 12. Nxd5 Nxd5 13. Bxd5 Bxd5 14. Rxd5
Be7 15. e4 Qb7 16. Bg5 Nb6 17. Rdd1 O-O 18. e5 h6 19. Bxe7 Qxe7 20. Qe4 Rfe8
21. b3 Rac8 22. a4 bxa4 23. bxa4 c4 24. Qd4 Rc5 25. a5 Nd5 26. Nd2 Nb4 27. Qc3
Nd3 28. Nf3 Nxe5 29. Nd4 Nd3 30. Nc2 Qg5 31. h4 Qf5 32. Rd2 Qe5 33. Ra3 Qf4 34.
Ra1 g5 35. g3 Qf3 36. Rf1 Ne1 37. Ne3 Rxe3 38. fxe3 Qxg3+ 39. Kh1 Qxh4+ 40. Kg1
Qg3+ 41. Kh1 Qh3+ 42. Kg1 Nf3+ 43. Rxf3 Qxf3 44. Qc2 Qxe3+ 45. Rf2 Qe1+ 0-1

[Event "3. Aberto Internacional Carlos I"]
[Site "Sanxenxo ESP"]
[Date "2011.06.30"]
[Round "6.3"]
[White "Guerra Mendez, Jose Angel"]
[Black "Paunovic, Dragan"]
[Result "1/2-1/2"]
[WhiteElo "2472"]
[BlackElo "2504"]
[PlyCount "75"]
[EventDate "2011.06.25"]
[EventType "swiss"]
[EventRounds "9"]
[EventCountry "ESP"]
[Source "lmi"]
[SourceDate "2011.06.25"]

1. e4 c5 2. Nf3 e6 3. d4 cxd4 4. Nxd4 a6 5. Bd3 d6 6. O-O g6 7. c4 Bg7 8. Nf3
Nd7 9. Qe2 Qc7 10. Bf4 Ne7 11. Nc3 Bxc3 12. bxc3 e5 13. Bh6 Nc5 14. Bc2 Be6 15.
Ng5 f6 16. Nxe6 Nxe6 17. Qf3 Kf7 18. Qh3 g5 19. g3 Rag8 20. Bb3 Nc5 21. Qh5+
Rg6 22. h4 gxh4 23. Qxh4 Ng8 24. Be3 h5 25. Bxc5 Qxc5 26. Rad1 Rg4 27. Qh3 Ne7
28. Rd2 Rxg3+ 29. Qxg3 Rg8 30. Kh2 Rxg3 31. fxg3 Ng8 32. Rf3 Kg7 33. Rd5 Qa3
34. Rf2 Nh6 35. Bd1 Ng4+ 36. Bxg4 hxg4 37. c5 dxc5 38. Rd7+ 1/2-1/2

[Event "3. Aberto Internacional Carlos I"]
[Site "Sanxenxo ESP"]
[Date "2011.06.30"]
[Round "6.4"]
[White "De La Villa Garcia, Jesus Maria"]
[Black "Fernandez Cardoso, Alexey"]
[Result "1/2-1/2"]
[WhiteElo "2488"]
[BlackElo "2473"]
[PlyCount "90"]
[EventDate "2011.06.25"]
[EventType "swiss"]
[EventRounds "9"]
[EventCountry "ESP"]
[Source "lmi"]
[SourceDate "2011.06.25"]

1. d4 d5 2. c4 c6 3. Nf3 Nf6 4. e3 e6 5. b3 Ne4 6. Bd3 Bb4+ 7. Nbd2 O-O 8. a3
Bc3 9. Rb1 Ba5 10. b4 Nc3 11. Bxh7+ Kh8 12. Qb3 Nxb1 13. Bxb1 Bc7 14. e4 f5 15.
e5 Kg8 16. c5 b6 17. Rg1 Nd7 18. g4 bxc5 19. gxf5 exf5 20. Ng5 Qe8 21. Qh3 Nf6
22. Bxf5 Bxf5 23. Qxf5 cxd4 24. f4 Qh5 25. Qe6+ Kh8 26. Ndf3 Rae8 27. Qxc6 d3
28. Qxc7 Rc8 29. Qe7 Ng8 30. Qd6 Rxc1+ 31. Kd2 Rc2+ 32. Kxd3 Rfc8 33. Rg3 Nh6
34. Qe6 R2c6 35. Rh3 Rxe6 36. Rxh5 Ra6 37. Kd4 Kg8 38. Kxd5 Rxa3 39. Nd4 Ra4
40. Nc6 Nf5 41. Ne4 Ne3+ 42. Kd6 Nc4+ 43. Kd7 Nb6+ 44. Kd6 Nc4+ 45. Kd7 Nb6+
1/2-1/2

[Event "3. Aberto Internacional Carlos I"]
[Site "Sanxenxo ESP"]
[Date "2011.06.30"]
[Round "6.5"]
[White "Gomez Ledo, Roberto Carlos"]
[Black "Santos Latasa, Jaime"]
[Result "1/2-1/2"]
[WhiteElo "2429"]
[BlackElo "2230"]
[PlyCount "60"]
[EventDate "2011.06.25"]
[EventType "swiss"]
[EventRounds "9"]
[EventCountry "ESP"]
[Source "lmi"]
[SourceDate "2011.06.25"]

1. d4 Nf6 2. c4 e6 3. Nc3 Bb4 4. e3 b6 5. Nge2 O-O 6. a3 Bxc3+ 7. Nxc3 d5 8.
Bd3 dxc4 9. Bxc4 Ba6 10. Bxa6 Nxa6 11. Qa4 Qc8 12. Qc6 Qd7 13. Qc4 Nb8 14. O-O
Nc6 15. b4 Nd5 16. Bb2 Nce7 17. e4 Nxc3 18. Qxc3 Rac8 19. Rac1 c6 20. Rc2 Rfd8
21. h3 f6 22. Rfc1 Rc7 23. Qb3 Rdc8 24. Qg3 Kf7 25. a4 c5 26. b5 a6 27. bxa6
Qxa4 28. d5 Qxe4 29. dxe6+ Qxe6 30. Qd3 Qf5 1/2-1/2

[Event "3. Aberto Internacional Carlos I"]
[Site "Sanxenxo ESP"]
[Date "2011.06.30"]
[Round "6.7"]
[White "Rodriguez Lopez, Rafael"]
[Black "Fernandez Lozano, Francesc"]
[Result "1-0"]
[WhiteElo "2320"]
[BlackElo "2129"]
[PlyCount "91"]
[EventDate "2011.06.25"]
[EventType "swiss"]
[EventRounds "9"]
[EventCountry "ESP"]
[Source "lmi"]
[SourceDate "2011.06.25"]

1. e4 d6 2. d4 Nf6 3. Nc3 e5 4. Nf3 Nbd7 5. Bc4 Be7 6. a4 c6 7. O-O O-O 8. Ba2
a5 9. Qe2 exd4 10. Nxd4 Re8 11. Be3 Bf8 12. f3 Nc5 13. Qf2 g6 14. Rfd1 Ne6 15.
Nde2 Qc7 16. Rd2 Nc5 17. Rad1 Be6 18. e5 Nd5 19. exd6 Qxd6 20. Nxd5 cxd5 21.
Bxd5 Qc7 22. Bxe6 Nxe6 23. Nc3 Qe5 24. Rd5 Qc7 25. Rd7 Qc6 26. Nd5 Red8 27.
Nf6+ Kh8 28. Qh4 h5 29. Nxh5 g5 30. Qh3 Qxc2 31. Rxd8 Rxd8 32. Rxd8 Nxd8 33.
Bd4+ f6 34. Nxf6+ Kg7 35. Qd7+ Nf7 36. Ne4+ Kg8 37. Qd5 Bb4 38. Bc3 Bxc3 39.
bxc3 Qc1+ 40. Kf2 b6 41. Nd6 Qc2+ 42. Kg3 Qxa4 43. Qxf7+ Kh8 44. Qh5+ Kg8 45.
Qxg5+ Kh7 46. Qh4+ 1-0

[Event "3. Aberto Internacional Carlos I"]
[Site "Sanxenxo ESP"]
[Date "2011.06.30"]
[Round "6.8"]
[White "Ledo Galan, Jose Emilio"]
[Black "Martinez Rodriguez, Pablo"]
[Result "0-1"]
[WhiteElo "2050"]
[BlackElo "2286"]
[PlyCount "94"]
[EventDate "2011.06.25"]
[EventType "swiss"]
[EventRounds "9"]
[EventCountry "ESP"]
[Source "lmi"]
[SourceDate "2011.06.25"]

1. e4 c6 2. d4 d5 3. f3 e6 4. Be3 b6 5. Nd2 Nf6 6. Bd3 Ba6 7. Qe2 Qc8 8. Nh3 c5
9. c3 Bxd3 10. Qxd3 Qa6 11. Qxa6 Nxa6 12. Ke2 dxe4 13. Nxe4 Nd5 14. dxc5 Nxe3
15. Kxe3 Nxc5 16. Rad1 Nxe4 17. Kxe4 Bc5 18. Rd3 Rd8 19. Rhd1 Rxd3 20. Rxd3 Ke7
21. f4 Rc8 22. g4 g6 23. g5 h6 24. b4 Bd6 25. gxh6 f6 26. Rf3 Rh8 27. Ng1 Rxh6
28. Rh3 f5+ 29. Kd4 Bxf4 30. Rxh6 Bxh6 31. Nf3 Bg7+ 32. Kc4 Bf6 33. a4 e5 34.
Ng1 e4 35. Ne2 Be5 36. Ng3 Bxg3 37. hxg3 Ke6 38. Kd4 Kd6 39. c4 Ke6 40. c5
bxc5+ 41. bxc5 a5 42. Kc4 g5 43. Kd4 g4 44. Kc4 f4 45. gxf4 g3 46. f5+ Kxf5 47.
c6 Ke6 0-1

[Event "3. Aberto Internacional Carlos I"]
[Site "Sanxenxo ESP"]
[Date "2011.06.30"]
[Round "6.9"]
[White "Medarde Santiago, Luis Marcos"]
[Black "Alcaide Luque, Aitor"]
[Result "1-0"]
[WhiteElo "2018"]
[BlackElo "2190"]
[PlyCount "71"]
[EventDate "2011.06.25"]
[EventType "swiss"]
[EventRounds "9"]
[EventCountry "ESP"]
[Source "lmi"]
[SourceDate "2011.06.25"]

1. e4 e6 2. d4 d5 3. Nd2 Nf6 4. e5 Nfd7 5. Bd3 c5 6. c3 Nc6 7. Ne2 cxd4 8. cxd4
f6 9. exf6 Nxf6 10. Nf3 Bd6 11. O-O Qc7 12. Bg5 O-O 13. Bh4 Nh5 14. Qc2 h6 15.
Bh7+ Kh8 16. Bg6 Rxf3 17. Bxh5 Rf8 18. Bg3 Bd7 19. b4 Bxg3 20. hxg3 Qd6 21. a3
e5 22. dxe5 Qxe5 23. Bf3 Bf5 24. Qd2 Rad8 25. Nf4 Nd4 26. Bd1 Rfe8 27. Ba4 Ne2+
28. Kh2 Nxf4 29. Bxe8 Ne2 30. Bh5 Bd3 31. Bxe2 Bxe2 32. Rfe1 Qh5+ 33. Kg1 Bc4
34. Re7 b5 35. Qd4 Qg5 36. Rae1 1-0